000 005090000a22001690004500
001 768714001
003 CO-MdFUSB
005 20170614090549.0
008 170614s2000 xxu||||| |||| 00| 0 spa d
040 _aCO-MdFUSB
_bspa
_cCO-MdFUSB
_dCO-MdFUSB
041 _aspa
245 1 0 _aSeis visiones, ¡sólo un tema!
300 _aNúmero 12, (2000), Páginas 14-15
_c28 cm.
546 _aTexto en español
773 0 _tBuenas Noticias
_049455
_960505
_gNúmero 12, (2000), Páginas 14-15
_qPágina 14
942 _cANA
999 _c51000
_d51000